01569nam a22002537a 450000500170000000800410001702000180005804000070007604100080008308200170009110000230010824500280013126000290015930000240018836500710021252007480028365000270103165000210105865000360107965000320111594200120114799900190115995201370117820251023143007.0251023b |||||||| |||| 00| 0 eng d a9789359989396 cAL aeng a510.02bTYAI aNeha Tyagi9242566 aIIT JAM b: Mathematics aNew DelhibArihantc2025 a211pbPBc26x20.5cm 2MathematicsaXWNY-566904b₹290.00c₹d₹290.00e0f03-10-2025 aBOOK STRUCTURE Solved Papers (2024-2005) 3 Practice Sets BOOK FEATURES Contains Previous Years’ Solved Papers (2024-2005) of IIT JAM Mathematics Detailed and authentic solutions for each question 3 Practice Sets designed as per the existing test pattern All the questions in practice sets are framed as per the latest pattern and difficulty level Step-by-Step solution to each question to increase the concept comprehension of the aspirant WHY THIS BOOK? Fully revised to meet the purpose of admission into IIT’s Serves as an ultimate tool to encounter the IIT JAM 2025 Combined to provide an in-depth analysis of the exam in terms of the latest pattern and difficulty level TABLE OF CONTENT: Solved Papers (2024-2005), Practice Sets (1-3) aMaths Entrance9242565 aMSc IITS9242567 aSolved Papers 2024-20059242568 aThree Practice Sets9242569 2ddccBK c240581d240581 00102ddc40708MATaALbALcSKd2025-10-13eamazon.ing290.00l0o510.02 TYAIp077913r2025-10-23 11:54:41v290.00w2025-10-03yBK